Visualizzazione normale
Vista MARC
- Istituto Regina Apostolorum (Apostoline)
di Personal Name
Records bibliografici associati: 1
001 - CONTROL NUMBER
- control field: 33995
003 - CONTROL NUMBER IDENTIFIER
- control field: IT-RoPau
005 - DATE AND TIME OF LATEST TRANSACTION
- control field: 20141004110329.0
008 - FIXED-LENGTH DATA ELEMENTS
- fixed length control field: 141004|| aca||aabn | a|a d
040 ## - CATALOGING SOURCE
- Original cataloging agency: IT-RoPau
- Transcribing agency: IT-RoPau
100 ## - HEADING--PERSONAL NAME
- Personal name: Istituto Regina Apostolorum (Apostoline)
670 ## - SOURCE DATA FOUND
- Source citation: Work cat.: (IT-RoPau): Istituto Regina Apostolorum (Apostoline), Se vuoi.... - 1974, 1974